| 000 | 00784nam a22002057a 4500 | ||
|---|---|---|---|
| 999 |
_c12253 _d12253 |
||
| 003 | AR-CdUCM | ||
| 008 | 190408b ||||| |||| 00| 0 spa d | ||
| 040 |
_aMUNICIPALIDAD PROVINCIAL DEL CUSCO _cBIBLIOTECA MUNICIPAL DEL CUSCO |
||
| 082 |
_a379.8501 / _bA58 / 1964 |
||
| 100 |
_aAngeles Caballero, Cesar A. _99487 |
||
| 245 |
_aHistoria de la educación peruana : _bPeriodo de la colonia / |
||
| 260 |
_aIca : _c1964. |
||
| 300 |
_a36 páginas ; _c20 cm. |
||
| 505 | _aContenido: Ciclo educacionales -- Caracteres de la educación colonial -- Algunos principios metodológicos -- Régimen administrativo -- Universidad de San Marcos... | ||
| 650 |
_aEducación _9460 |
||
| 650 |
_aColonia _91685 |
||
| 650 |
_aSan Marcos _93584 |
||
| 942 |
_2ddc _cLIBROS |
||
| 945 |
_adavv _d08/04/2019 |
||